Statystyki dla Pierwsze wersy piosenek Taylor Swift

Kliknij tutaj aby rozwiązać quiz!

Ogólne statystyki

  • Ten quiz został rozwiązany 70 razy
  • Średni wynik to 13 z 18

Statystyki odpowiedzi

Pierwsze linie utworówPiosenka% Poprawnych
'Cause baby, now we've got ___ _____ / You know it used to be mad loveBad Blood
95%
I stay out too late / Got nothing in my brainShake It Off
91%
You're on the phone with your girlfriend / She's upsetYou Belong With Me
91%
We could leave the Christmas lights up 'til JanuaryLover
90%
We were both young when I first saw youLove Story
90%
Midnight, you come and pick me up / No headlightsStyle
88%
Nice to meet you, where you been?Blank Space
86%
Vintage tee, brand new phone / High heels on cobblestonesCardigan
86%
It feels like a perfect night, to dress up like hipsters22
81%
I don't like your little games / Don't like your tilted stage
Look What You
Made Me Do
81%
I have this thing where I get older, but just never wiserAnti-Hero
79%
I remember when we broke up the first time
We Are Never Ever
Getting Back Together
71%
We were riding shotgun with my hair undoneOur Song
53%
I am not the kind of girl / Who should be rudely barging in on a white veil occasionSpeak Now
53%
There's something 'bout the way / the street looks when it's just rainedFearless
52%
You were in college working part time waiting tablesMine
43%
You, with your words like knivesMean
40%
You take a deep breath and you walk through the doorsFifteen
28%

Rozkład punktacji

Percentyl według liczby udzielonych odpowiedzi

Procent ludzi z każdym wynikiem

Twoja historia wyników

Nie rozwiązałeś tego quizu